| 000 | 00000nas 2200000zi 4500 |
| 001 | 9.512569 |
| 003 | CaOODSP |
| 005 | 20250609135838 |
| 006 | m o d f |
| 007 | cr cn |||||||| |
| 008 | 150406d20132014oncar p os f0 a0eng|d |
| 022 | |a2368-9714 |
| 040 | |aCaOODSP|beng|erda|cCaOODSP |
| 043 | |an-cn--- |
| 086 | 1 |aCi1-8/9E-PDF |
| 222 | 0|aCanada facts and figures, immigrant overview. Permanent residents |
| 245 | 00|aCanada facts and figures, immigrant overview. |pPermanent residents. |
| 264 | 1|a[Ottawa] : |bCitizenship and Immigration Canada = Citoyenneté et immigration Canada, |c[2014-2015] |
| 310 | |aAnnual |
| 336 | |atext|btxt|2rdacontent |
| 337 | |acomputer|bc|2rdamedia |
| 338 | |aonline resource|bcr|2rdacarrier |
| 362 | 1 |aBegan with: 2013; ceased with: 2014. |
| 500 | |aIssued also in French under title: Canada faits et chiffres, aperçu de l'immigration. Résidents permanents. |
| 550 | |aProduced by Research and Evaluation Branch, Citizenship and Immigration Canada. |
| 588 | |aDescription based on: 2013; title from PDF cover page. |
| 588 | |aLatest issue consulted: 2014. |
| 651 | 0|aCanada|xEmigration and immigration|vStatistics|vPeriodicals. |
| 655 | 7|aPeriodicals|2lcgft |
| 655 | 7|aStatistics|2lcgft |
| 710 | 1 |aCanada. |bCitizenship and Immigration Canada. |bResearch and Evaluation Branch, |eissuing body. |
| 775 | 08|tCanada faits et chiffres, aperçu de l'immigration. |w(CaOODSP)9.515930 |
| 780 | 00|tFacts and figures ..., immigration overview|w(CaOODSP)9.505817 |